1445 1287 1318 1976 1312 1725 1552 1430 1600 1624 1636 1214 1299 1249 1217 1564 1316 1345 1121 1183 1757 1801 1135 1124 1857 1434 1394 1040 1762 1527 1539 1643 1944 1489 1309 1497 1580 1374 1529 1451 1248 1878 1533 1334 1208 1274 1953 1603 1905 1961 1765 1279 1756 1059 1153 1672 1395 1043 1468 1224 1238 1424 1416 1087 1120 1535 1506 1230 1469 1548 1801 1023 1768 1125 1444 1912 1848 1874 1364 1584 1008 1370 1933 1777 1890 1023 1543 1887 1114 1547 1360 1240 1796 1470 1074 1644 1172 1598 1613 BCNSPRNW ULIB Ver.6.0+V

เปลี่ยนเป็นภาษาไทย

Change to English
 แสดงรายละเอียดบรรณานุกรม
  กลับหน้าหลัก

Brief Record : Get Marc (ISO 2709) : E-mail record : QR code < ปิดหน้าต่าง
LEADER : 00000nam a2200000Ia 4500
001    13399125430
003     ULIB
008    160317s2559 th a b 000 0 tha d
020    ^a9786163980540
040    ^absi
060 04 ^aQZ202^bก451
245 00 ^aการดูแลรักษามะเร็งระยะลุกลามมาที่กระดูก =^bClinical approach forbone metastasis /^cดำเนินสันต์ พฤกษากร, จงกลณี เศรษฐกร,บุษยามาส ชีวสกุลยง, บรรณาธิการ
246 31 ^aClinical approach for bone metastasis
250    ^aพิมพ์ครั้งที่ 1
260    ^aเชียงใหม่ :^bโครงการตำรา คณะแพทยศาสตร์ มหาวิทยาลัยเชียงใหม่,^c2559
300    ^aก-ณ, 309 หน้า :^bภาพประกอบ (ภาพสีบางภาพ) ;^c30 ซม.
650  2 ^aNeoplasm Metastasis^xtherapy
650  2 ^aNeoplasms^xtherapy
650  4 ^aเนื้องอกชนิดแพร่กระจาย^xการรักษา
650  4 ^aเนื้องอก^xการรักษา
700 0  ^aดำเนินสันต์ พฤกษากร,^eบรรณาธิการ
700 0  ^aจงกลณี เศรษฐกร,^eบรรณาธิการ
700 0  ^aบุษยามาส ชีวสกุลยง,^eบรรณาธิการ
710 2  ^aมหาวิทยาลัยเชียงใหม่.^bคณะแพทยศาสตร์.^bโครงการตำรา
945    ^p450^l0^i24972
945    ^p450^l0^i24973
945    ^p450^l0^i24974
995    ^aัณชพร
999    ^aกัณชพร
รายการนี้ยังไม่มีแท็ก
คุณยังไม่ได้ล็อกอิน คุณสามารถมีกิจกรรมร่วมกับเว็บไซต์ได้ แต่ต้องล็อกอินก่อน ::
  ล็อกอิน

รายการสื่อสารสนเทศ

ลำดับที่ ประเภท เลขเรียก/บาร์โค้ด สถานที่ สถานะ
1. หนังสือสำรอง
หนังสือสำรอง
สถานะ=หนังสือเก่า
QZ202 ก451 ฉ.1 
  Barcode: 24972
ห้องสมุดวิทยาเขตนครสวรรค์
►ส่วนจัดเก็บหนังสือเก่า นว.
บนชั้น
  ขอยืม
2. วิทยาศาสตร์การแพทย์ และสุขภาพ
วิทยาศาสตร์การแพทย์ และสุขภาพ
สถานะ=หนังสือเก่า
QZ202 ก451 ฉ.2 
  Barcode: 24973
ห้องสมุดวิทยาเขตนครสวรรค์
►ส่วนจัดเก็บหนังสือเก่า นว.
บนชั้น
  ขอยืม
3. วิทยาศาสตร์การแพทย์ และสุขภาพ
วิทยาศาสตร์การแพทย์ และสุขภาพ
สถานะ=หนังสือเก่า
QZ202 ก451 ฉ.3 
  Barcode: 24974
ห้องสมุดวิทยาเขตนครสวรรค์
►ส่วนจัดเก็บหนังสือเก่า นว.
บนชั้น
  ขอยืม

BibComment


ยังไม่เคยถูกคอมเมนท์

คอมเมนท์ทรัพยากรรายการนี้
  คอมเมนท์: การดูแลรักษามะเร..


 Copyright 2026. Bcnsprnw @Library